सामाजिक और सामुदायिक स्वास्थ्य जागरूकता / (Record no. 208338)

MARC details
000 -LEADER
fixed length control field 01020nam a22002057a 4500
005 - DATE AND TIME OF LATEST TRANSACTION
control field 20250109172646.0
010 ## - LCCN (DPL NO)
LC control number B-761612
020 ## - INTERNATIONAL STANDARD BOOK NUMBER
Terms of availability 495.00
International Standard Book Number 9789382998648
035 ## - SYSTEM CONTROL NUMBER
System control number B-761612
037 ## - SOURCE OF ACQUISITION
Source of stock number/acquisition उपहार
082 ## - DEWEY DECIMAL CLASSIFICATION NUMBER
Classification number 362.613
100 ## - MAIN ENTRY--PERSONAL NAME
Personal name योगेश.के.
245 ## - TITLE STATEMENT
Title सामाजिक और सामुदायिक स्वास्थ्य जागरूकता /
Statement of responsibility, etc के.योगेश एवं नमिता जैन
260 ## - PUBLICATION, DISTRIBUTION, ETC. (IMPRINT)
Place of publication, distribution, etc नई दिल्ली
Name of publisher, distributor, etc शिवांक प्रकाशन
Date of publication, distribution, etc 2023
270 ## - ADDRESS
Address 4598/12वी, प्रथम तल,गोला काटेज, अंसारी रोड, दरियागंज
City नई दिल्ली
Postal code 110002
Telephone number 011 23251265
300 1# - PHYSICAL DESCRIPTION
Extent 252पृ
Dimensions 23 सेमी (सजिल्द)
700 ## - ADDED ENTRY--PERSONAL NAME
Personal name जैन, नमिता
9 (RLIN) 76309
942 ## - ADDED ENTRY ELEMENTS (KOHA)
Source of classification or shelving scheme Dewey Decimal Classification
Item type Hindi Books
Classification part 362.613
Call number suffix योगेश.के.
Holdings
Withdrawn status Lost status Not for loan Collection code Home library Current library Date acquired Source of acquisition Cost, normal purchase price Full call number Barcode Copy number Cost, replacement price Koha item type Public note
      Non-fiction RC3 Shakur Pur RC3 Shakur Pur 09/01/2025 उपहार /06/01/2025 795.00 362.613 योगेश.के. B-761612 1 795.00 Hindi Books उपहार

© Delhi Public Library
Hit Counter
free hit counter